000
00445nam a2200169Ia 4500
008
090123s9999 xx 000 0 und d
082
_b
12803
_a
891.463/गांगल
100
_a
गांगल वसंत
245
_a
शुभदा
250
_a
0
300
_a
146
600
_a
गांगल वसंत
630
_a
शुभदा
700
_a
गांगल वसंत
730
_a
शुभदा
942
_c
BOOK
999
_c
50868
_d
50868